Online katalóg knižníc regiónu Turca

Džamila ; Zoči-voči ; Topoľček môj v červenej šatôčke ; Prvý učiteľ ; Materinské pole ; Stretnutie so synom ; Zbohom, gulsary ; Biela loď ; Strakatý pes bežiaci po brehu mora (Record no. 22815)

MARC details
000 -LEADER
fixed length control field 01383nam a2200373 a 4500
001 - CONTROL NUMBER
control field 22815
003 - CONTROL NUMBER IDENTIFIER
control field SK-KTurca
005 - DATE AND TIME OF LATEST TRANSACTION
control field 20260428150536.0
008 - FIXED-LENGTH DATA ELEMENTS--GENERAL INFORMATION
fixed length control field 000816s1982 xo g 000 1 slo c
035 ## - SYSTEM CONTROL NUMBER
System control number UKB000088867
040 ## - CATALOGING SOURCE
Original cataloging agency BAA001
Language of cataloging slo
Transcribing agency BAA001
Description conventions AACR2
041 1# - LANGUAGE CODE
Language code of text/sound track or separate title slo
Language code of original rus
044 ## - COUNTRY OF PUBLISHING/PRODUCING ENTITY CODE
MARC country code xo
ISO country code SK
084 ## - OTHER CLASSIFICATION NUMBER
Classification number W 6(2=KI)-644
Number source UKB
100 1# - MAIN ENTRY--PERSONAL NAME
Personal name Ajtmatov, Čingiz,
Dates associated with a name 1928-2008
245 10 - TITLE STATEMENT
Title Džamila ; Zoči-voči ; Topoľček môj v červenej šatôčke ; Prvý učiteľ ; Materinské pole ; Stretnutie so synom ; Zbohom, gulsary ; Biela loď ; Strakatý pes bežiaci po brehu mora
Statement of responsibility, etc. Čingiz Torekulovič Ajtmatov ; z rus. orig. Povesti i rasskazy, Belyj parachod prel. Elena Krišková ; dosl. nap. Ján Števček
260 ## - PUBLICATION, DISTRIBUTION, ETC.
Place of publication, distribution, etc. Bratislava
Name of publisher, distributor, etc. Pravda
Date of publication, distribution, etc. 1982
300 ## - PHYSICAL DESCRIPTION
Extent 785 s.
490 1# - SERIES STATEMENT
Series statement Knižnica laureátov Leninovej ceny
500 ## - GENERAL NOTE
General note Rozlož. tit. list
500 ## - GENERAL NOTE
General note Dokument obsahuje viacero diel autora
700 1# - ADDED ENTRY--PERSONAL NAME
Personal name Krišková, Elena,
Dates associated with a name 1927-
Relationship trl
700 1# - ADDED ENTRY--PERSONAL NAME
Personal name Števček, Ján
Relationship aft
740 02 - ADDED ENTRY--UNCONTROLLED RELATED/ANALYTICAL TITLE
Uncontrolled related/analytical title Zoči-voči
740 02 - ADDED ENTRY--UNCONTROLLED RELATED/ANALYTICAL TITLE
Uncontrolled related/analytical title Topoľček môj v červenej šatôčke
740 02 - ADDED ENTRY--UNCONTROLLED RELATED/ANALYTICAL TITLE
Uncontrolled related/analytical title Prvý učiteľ
740 02 - ADDED ENTRY--UNCONTROLLED RELATED/ANALYTICAL TITLE
Uncontrolled related/analytical title Materinské pole
740 02 - ADDED ENTRY--UNCONTROLLED RELATED/ANALYTICAL TITLE
Uncontrolled related/analytical title Stretnutie so synom
740 02 - ADDED ENTRY--UNCONTROLLED RELATED/ANALYTICAL TITLE
Uncontrolled related/analytical title Zbohom, gulsary
740 02 - ADDED ENTRY--UNCONTROLLED RELATED/ANALYTICAL TITLE
Uncontrolled related/analytical title Biela loď
740 02 - ADDED ENTRY--UNCONTROLLED RELATED/ANALYTICAL TITLE
Uncontrolled related/analytical title Strakatý pes bežiaci po brehu mora
830 #0 - SERIES ADDED ENTRY--UNIFORM TITLE
Uniform title Knižnica laureátov Leninovej ceny
942 ## - ADDED ENTRY ELEMENTS (KOHA)
Source of classification or shelving scheme Dewey Decimal Classification
Koha item type Krásna literatúra pre dospelých
Suppress in OPAC No
Holdings
Stav vyradenia Strata Poškodenie Spôsob nadobudnutia Domovská knižnica Aktuálna knižnica Dátum nadobudnutia Total checkouts Čiarový kód exemplára Date last seen Typ exemplára
      Dar Obecná knižnica Horná Štubňa Obecná knižnica Horná Štubňa 28.04.2026   4736201164 28.04.2026 Krásna literatúra pre dospelých
Projekt je podporený Slovenskou asociáciou knižníc
Prevádzkuje Turčianska knižnica Martin 2026